Bytový dom

Guardado en:
Detalles Bibliográficos
Autor principal: Kovaliková, Mária (Autor)
Otros Autores: Šťastný, Patrik (Orientador)
Formato: Manuscrito Libro
Lenguaje:eslovaco
Publicado: 2024
Materias:
Acceso en línea:http://is.stuba.sk/zp/portal_zp.pl?podrobnosti=168448
https://opac.crzp.sk/?fn=detailBiblioForm&sid=D4AFBEDDECE97BC6333E069A1374
Etiquetas: Agregar Etiqueta
Sin Etiquetas, Sea el primero en etiquetar este registro!

MARC

LEADER 00000ntm a22000003a 4500
001 stuzp99204
003 SK-STU
005 20240917142920.6
007 ta
008 150427s2015----xo-----f-mn---000-0-slo-d
040 |a STU  |b slo 
041 0 |a slo 
100 1 |a Kovaliková, Mária  |u 010270  |4 aut  |U SvF Stavebná fakulta  |T SvF Katedra technológie stavieb  |X 115766  |U V270  |Y 28  |7 115766 
242 0 1 |a Residential house  |y eng 
245 1 0 |a Bytový dom 
260 |c 2024 
650 4 |a Bytový dom  |2 slo 
650 4 |a TMS  |2 slo 
650 4 |a Debnenie zvislých konštrukcií  |2 slo 
650 4 |a TMS  |2 eng 
650 4 |a Wall formwork  |2 eng 
650 4 |a Residential building  |2 eng 
700 1 |a Šťastný, Patrik  |u 010270  |k Z2  |4 ths  |U SvF Stavebná fakulta  |T SvF Katedra technológie stavieb  |X 70398  |U V270  |Y 28  |7 70398 
856 4 |u http://is.stuba.sk/zp/portal_zp.pl?podrobnosti=168448 
856 4 |u https://opac.crzp.sk/?fn=detailBiblioForm&sid=D4AFBEDDECE97BC6333E069A1374